|
|
|
|
| LEADER |
03513nam a2200529 4500 |
| 001 |
978-3-030-00734-8 |
| 003 |
DE-He213 |
| 005 |
20191028132246.0 |
| 007 |
cr nn 008mamaa |
| 008 |
181206s2019 gw | s |||| 0|eng d |
| 020 |
|
|
|a 9783030007348
|9 978-3-030-00734-8
|
| 024 |
7 |
|
|a 10.1007/978-3-030-00734-8
|2 doi
|
| 040 |
|
|
|d GrThAP
|
| 050 |
|
4 |
|a QA76.9.D343
|
| 072 |
|
7 |
|a UNF
|2 bicssc
|
| 072 |
|
7 |
|a COM021030
|2 bisacsh
|
| 072 |
|
7 |
|a UNF
|2 thema
|
| 072 |
|
7 |
|a UYQE
|2 thema
|
| 082 |
0 |
4 |
|a 006.312
|2 23
|
| 100 |
1 |
|
|a Ding, Zhengming.
|e author.
|4 aut
|4 http://id.loc.gov/vocabulary/relators/aut
|
| 245 |
1 |
0 |
|a Learning Representation for Multi-View Data Analysis
|h [electronic resource] :
|b Models and Applications /
|c by Zhengming Ding, Handong Zhao, Yun Fu.
|
| 250 |
|
|
|a 1st ed. 2019.
|
| 264 |
|
1 |
|a Cham :
|b Springer International Publishing :
|b Imprint: Springer,
|c 2019.
|
| 300 |
|
|
|a X, 268 p. 76 illus., 69 illus. in color.
|b online resource.
|
| 336 |
|
|
|a text
|b txt
|2 rdacontent
|
| 337 |
|
|
|a computer
|b c
|2 rdamedia
|
| 338 |
|
|
|a online resource
|b cr
|2 rdacarrier
|
| 347 |
|
|
|a text file
|b PDF
|2 rda
|
| 490 |
1 |
|
|a Advanced Information and Knowledge Processing,
|x 1610-3947
|
| 505 |
0 |
|
|a Introduction -- Multi-view Clustering with Complete Information -- Multi-view Clustering with Partial Information -- Multi-view Outlier Detection -- Multi-view Transformation Learning -- Zero-Shot Learning -- Missing Modality Transfer Learning -- Deep Domain Adaptation -- Deep Domain Generalization. .
|
| 520 |
|
|
|a This book equips readers to handle complex multi-view data representation, centered around several major visual applications, sharing many tips and insights through a unified learning framework. This framework is able to model most existing multi-view learning and domain adaptation, enriching readers' understanding from their similarity, and differences based on data organization and problem settings, as well as the research goal. A comprehensive review exhaustively provides the key recent research on multi-view data analysis, i.e., multi-view clustering, multi-view classification, zero-shot learning, and domain adaption. More practical challenges in multi-view data analysis are discussed including incomplete, unbalanced and large-scale multi-view learning. Learning Representation for Multi-View Data Analysis covers a wide range of applications in the research fields of big data, human-centered computing, pattern recognition, digital marketing, web mining, and computer vision.
|
| 650 |
|
0 |
|a Data mining.
|
| 650 |
|
0 |
|a Artificial intelligence.
|
| 650 |
|
0 |
|a Pattern recognition.
|
| 650 |
1 |
4 |
|a Data Mining and Knowledge Discovery.
|0 http://scigraph.springernature.com/things/product-market-codes/I18030
|
| 650 |
2 |
4 |
|a Artificial Intelligence.
|0 http://scigraph.springernature.com/things/product-market-codes/I21000
|
| 650 |
2 |
4 |
|a Pattern Recognition.
|0 http://scigraph.springernature.com/things/product-market-codes/I2203X
|
| 700 |
1 |
|
|a Zhao, Handong.
|e author.
|4 aut
|4 http://id.loc.gov/vocabulary/relators/aut
|
| 700 |
1 |
|
|a Fu, Yun.
|e author.
|4 aut
|4 http://id.loc.gov/vocabulary/relators/aut
|
| 710 |
2 |
|
|a SpringerLink (Online service)
|
| 773 |
0 |
|
|t Springer eBooks
|
| 776 |
0 |
8 |
|i Printed edition:
|z 9783030007331
|
| 776 |
0 |
8 |
|i Printed edition:
|z 9783030007355
|
| 830 |
|
0 |
|a Advanced Information and Knowledge Processing,
|x 1610-3947
|
| 856 |
4 |
0 |
|u https://doi.org/10.1007/978-3-030-00734-8
|z Full Text via HEAL-Link
|
| 912 |
|
|
|a ZDB-2-SCS
|
| 950 |
|
|
|a Computer Science (Springer-11645)
|